| 000 | 00899nam a22002415i 4500 | ||
|---|---|---|---|
| 001 | 153090 | ||
| 003 | ES-MaACL | ||
| 005 | 20230906205023.0 | ||
| 008 | 040825s1854 fr |||| | fre d | ||
| 040 |
_aCAM _bspa _cCAM |
||
| 080 | _a821.133.1-82"16" | ||
| 100 | 1 |
_aChapelle ( _d1626-1686) _9154483 |
|
| 245 | 1 | 0 | _aOeuvres de Chapelle et de Bachaumont. |
| 250 | _aNouvelle éd. rev. et corr. sur les meillieurs textes, notamment sur l'édition de 1732; précédée d'une notice par Tenant de Latour. | ||
| 260 |
_aParis : _bP. Jannet, _c1854 ( _fImp. Guiraudet et Jouaust) |
||
| 300 |
_a284, [1] p. ; _c16 cm. |
||
| 490 | 1 | _aBibliothèque elzévirienne | |
| 700 | 1 | 1 |
_aBachaumont, François Le Coigneux de. _9125772 |
| 700 | 1 |
_aTenant de Latour, Jean Baptiste. _9133174 |
|
| 830 | 0 |
_aBibliothèque elzévirienne _9180979 |
|
| 852 |
_aES-MaACL _jG-2310 _z-- Enc. tela |
||
| 999 |
_c153090 _d153090 |
||